00915nam a2200265 a 450000100060000000300090000600800410001502000180005604000280007410000200010224500850012225000110020726000540021830000270027249000450029950000320034461000560037665000380043265000390047065000160050965000330052565000510055870000210060970000190063024368CO-ViMGA141112s2004 ck r 000 u spa d a9789583801686 aCO-ViMGAbspacCO-ViMGA1 aBrowne, Anthony10aCambios / cescrito e ilustrado por Anthony Browne ; traducido por Carmen Esteva a1a ed. aBogotá : bFondo de Cultura Económica, c2011 a28 p. : il. col. : il. aLos especiales de A la orilla del viento aTítulo original : Changes aPREMIO HANS CHRISTIAN ANDERSEN DE ILUSTRACION, 200014aIMAGINACION - LIBROS DE IMAGENES 14aLEER ES MI CUENTO - COLECCION 201114aLITERATURA 14aLITERATURA INFANTIL INGLESA 14aNACIMIENTO DE UN HERMANO - LIBROS DE IMAGENES 1 aBrowne, Anthony 1 aEsteva, Carmen